| 000 | 01376aam a2200325 i 4500 | ||
|---|---|---|---|
| 001 | 768714001 | ||
| 003 | CO-MdFUSB | ||
| 005 | 20220203164952.0 | ||
| 007 | ta | ||
| 008 | 220203t1990 sp |||| |||| 00| 0 spa d | ||
| 020 | _a0851514162 | ||
| 040 |
_bspa. _aCO-MdFUSB _cCO-MdFUSB _dCO-MdFUSBC _erda |
||
| 041 | _aspa | ||
| 082 | 0 | 4 |
_a231.7 _223 _bP6551s |
| 100 | 1 |
_aPink, Arthur W. (Walkington) (1886-1952) _eautor |
|
| 245 | 1 | 3 |
_aLa soberanía de Dios _c/ A. W. Pink ; traducido por José Blanch |
| 250 | _asegunda edición | ||
| 264 | 1 |
_aBarcelona, España : _bEl Estandarte de la Verdad, _c[1990] |
|
| 264 | 4 | _c© 1990 | |
| 300 |
_a215 páginas _c; 19 cm |
||
| 336 |
_atexto _btxt _2rdacontent |
||
| 337 |
_2rdamedia _asin mediación _bn |
||
| 338 |
_2rdacarrier _avolumen _bnc |
||
| 505 | _aLa soberanía de Dios y nuestra época. -- Definición de la soberanía de Dios. -- La soberanía de Dios en la creación -- La soberanía de Dios en su providencia -- La soberanía de Dios en la salvación -- La soberanía de Dios en operación -- La soberanía de Dios y la voluntad del hombre -- La soberanía de Dios y la oración -- Nuestra actitud hacia la soberanía de Dios -- El valor de esta doctrina. | ||
| 563 | _aRústico | ||
| 650 | 7 |
_aProvidencia divina _9361 |
|
| 700 |
_91351 _aBlanch, José María, _etraductor |
||
| 942 | _cBK | ||
| 945 | _aJTF-925 | ||
| 999 |
_c34167 _d34167 |
||